000 01010nam a2200301 i 4500
001 bg
003 BPK
005 20201216090818.0
008 041202s2004 pl f f |000 0 pol
015 _aPB 8893/2005
020 _a8388469924
040 _cBPK
041 0 _apol
080 _a575/577
080 _a(07)
100 1 _aŚlęzak, Andrzej
_d(1952- ).
245 1 0 _aKompendium z biologii z elementami biofizyki /
_cred. nauk. Andrzej Ślęzak ; [aut. Andrzej Ślęzak, Aleksandra Zyska, Arkadiusz Bryll].
260 _aCzęstochowa :
_bWydawnictwa Wydziału Zarządzania Politechniki Częstochowskiej,
_c2004.
300 _a77, [1] s. :
_brys., wykr. ;
_c24 cm.
504 _aBibliogr.
650 4 _aBiologia
655 4 _aPodręcznik
650 4 _aBiofizyka
700 1 _aZyska, Aleksandra.
700 1 _aBryll, Arkadiusz.
856 _uhttp://koha.tu.koszalin.pl/cgi-bin/koha/opac-detail.pl?biblionumber=46004
_yKatalog online BPK
942 _cKS
_2UKD
999 _c46004
_d46004